000 01887nam a2200325 a 4500
001 BRCA_3074
005 20190320204110.0
008 270109s1821----fr-a---###---#000-0#fre-u
041 _afre
044 _afr
084 _a381
_b.M47
_c1821
100 1 _aCervantes Saavedra, Miguel de
_d1547-1616
_9213
245 1 0 _aOeuvres Complétes de Cervantés Le Don Quichotte
_cMiguel de Cervantes Saavedra ; Traduites de L´Espagnol par H. Bouchon Dubournial.
260 _aParís
_bMéquignon-Marvis
_c1821
300 _a4 v.
_bil.
_c22 cm.
440 0 _aOeuvres Complétes de Cervantés
_n6-9
_98401
500 _aContenido : v 1. Primera parte. Nota del editor. Prefacio del traductor. Prólogo del autor. Notas. Texto. -- v 2. Texto. Notas. -- v 3. Segunda parte. Notas. Texto. -- v 4. Notas. Mapa. Texto
500 _aEdición similar a la parisiense de 1807-08, del mismo traductor. Éste aumentó en ella su prefacio con un largo paralelo entre la Iliada y el Quijote, sacado del trabajo de Vicente de los Ríos pero suprimió en ésta la Vida de Cervantes que figuraba en aquélla. También revisó Dubournial su primera traducción a la que añadió nuevas notas y varias poesías. Es una bella edición impresa con hermosos tipos y de buen cuerpo. Las láminas están grabadas en acero sobre los dibujos de H. Vernet y E. Lamie Lúdovik Osterc
500 _aCon ex-libris de : Bibliothèque de Fr, Jos. Moreau
500 _aQM302
546 _aTexto en : francés
650 1 4 _aNovela española
_yÉpoca clásica, 1500-1700
_9215
650 1 4 _aLiteratura española
_yÉpoca clásica, 1500-1700
_9216
650 1 4 _aNovela española
_ySiglo XVII
_9217
650 1 4 _aDon Quijote (Personaje ficticio)
_eNovela
_9218
700 1 _aBouchon Dubournial, Henri
_d1749-1828
_eTraductor
_98402
740 0 _aEl Ingenioso Hidalgo Don Quijote de la Mancha
902 _aQFM
942 _2lcc
_cB
999 _c2810
_d2810